Normal view
MARC view
- البنك الإسلامي الأردني
Entry Personal Name
001 - CONTROL NUMBER
- control field: 45580
003 - CONTROL NUMBER IDENTIFIER
- control field: JO-AjAnu
005 - DATE AND TIME OF LATEST TRANSACTION
- control field: 20230606081535.0
008 - FIXED-LENGTH DATA ELEMENTS
- fixed length control field: 230606|| aca||aabn | a|a d
040 ## - CATALOGING SOURCE
- Original cataloging agency: JO-AjAnu
- Transcribing agency: JO-AjAnu
100 ## - HEADING--PERSONAL NAME
- Personal name: البنك الإسلامي الأردني
670 ## - SOURCE DATA FOUND
- Source citation: Work cat.: (JO-AjAnu)23337: البنك الإسلامي الأردني, author, البنك الإسلامي الأردني: نشرة إعلامية رقم 6 الفتاوى الشرعية، ج2